000 01236nam a22003497a 4500
003 CHAP
005 20220329134148.0
008 971013s1972 mx r 00010 spa d
010 _a16361
011 _a17333
035 _a21416
040 _cCHAP
090 _aTesis
100 0 0 _aGutiérrez y Ancona, Miguel Angel.
_951867
245 1 0 _aActividad sérica de la enzima ornitin carbamil transferasa en equinos pura sangre
_c/por Miguel Angel Gutiérrez y Ancona
260 _aMéxico, D.F. :
_bEl autor,
_c1972
300 _a31 h.
502 _aTesis (Médico Veterinario y Zootecnista) -- UNAM. Fac. de Medicina Veterinaria y Zootecnia
590 _aALEPH
_b10
_c20130110
_lUCH01
_h1239
590 _aBATCH-UPD
_b10
_c20130110
_lUCH01
_h0147
590 _aBATCH-UPD
_b10
_c20130110
_lUCH01
_h1402
590 _aBATCH-UPD
_b10
_c20130409
_lUCH01
_h2147
590 _aBATCH-UPD
_b10
_c20130410
_lUCH01
_h0853
590 _aBATCH-UPD
_b10
_c20130914
_lUCH01
_h1312
590 _aCONVERSION
_b10
_c20130109
_lUCH01
_h1310
650 1 4 _aEnzimas.
_937195
650 1 4 _aGanado caballar
_xAnatomía y fisiología.
_944969
650 1 4 _aUrea en veterinaria.
_9116892
901 _aBK
942 _cTESIS
949 _bBC
_cTES
_d-49945
_eTS1
_i21416
_si
999 _c16361
_d16361